| 000 | 00536pam a2200193 a 4500 | ||
|---|---|---|---|
| 020 | _c | ||
| 040 | _aMedical College Lib. | ||
| 041 |
_aENG _hENG |
||
| 082 |
_a616.1207547 _bSEE |
||
| 100 | _aSeeling , C. B. . | ||
| 245 |
_aSimplified EKG Analysis - A Sequential Guide ot Interpretation & Diagnosis / _c _hTextual Documents |
||
| 260 |
_a : _bJaypee Brothers , _c1995. |
||
| 300 |
_a116 ; _c |
||
| 365 | _a75=00 | ||
| 653 | _aMedical Science | ||
| 930 | _a2914 | ||
| 999 |
_c2913 _d2913 |
||